El protestantismo comparado con el catolicismo en sus relaciones con la civilización europea
Gorde:
| Egile nagusia: | |
|---|---|
| Formatua: | Liburua |
| Hizkuntza: | gaztelania |
| Argitaratua: |
Ciudad de México
Librería de la Vda de Ch. Bouret
1924
París 1924 |
| Edizioa: | 8a. ed |
| Gaiak: | |
| Etiketak: |
Etiketa erantsi
Etiketarik gabe, Izan zaitez lehena erregistro honi etiketa jartzen!
|
MARC
| LEADER | 00000cam a2200000 a 4500 | ||
|---|---|---|---|
| 001 | UCE8235 | ||
| 003 | CL-VaPUC | ||
| 008 | 150728e19240000mx |||||||||||||||||spa|d | ||
| 082 | 0 | 4 | |a 250.4 |b BAL |2 21 |
| 100 | 0 | |a Balmes Urpiá, Jaime Luciano |e author |9 580963 | |
| 245 | 1 | 3 | |a El protestantismo comparado con el catolicismo en sus relaciones con la civilización europea |
| 250 | |a 8a. ed | ||
| 300 | |a 587 p | ||
| 942 | |c BK | ||
| 945 | |d 20150728 02:04:00 |a gsalatino | ||
| 260 | |a Ciudad de México |b Librería de la Vda de Ch. Bouret |c 1924 | ||
| 260 | |a París |b Librería de la Vda de Ch. Bouret |c 1924 | ||
| 650 | 7 | |a PROTESTANTIMO |2 CL-VaPUC |9 511560 | |
| 650 | 0 | |a Catolicismo |9 258690 | |
| 650 | 7 | |a RELIGION COMPARADA |2 CL-VaPUC |9 580964 | |
| 583 | |a last modification |c 20190725 04:11:47 |k Rodrigo Vera | ||
| 999 | |c 360174 |d 360172 | ||
| 952 | |0 0 |1 0 |3 erd |4 0 |6 250_400000000000000_BAL_1924_1924 |7 0 |8 P |9 469821 |a BIBTEO |b BIBTES |c TEO_FTES |e Villagrán Garnham, Jorge |h v.1 |i 5185726 |o 250.4 BAL 1924 1924 |p 5185726 |r 2024-01-18 |w 2019-11-23 |y BK |z Catalogado en:20150728 |k ICR | ||
| 952 | |0 0 |1 0 |3 erd |4 0 |6 250_400000000000000_BAL_1924_1924 |7 0 |8 P |9 469822 |a BIBTEO |b BIBTES |c TEO_FTES |e Villagrán Garnham, Jorge |h v.2 |i 5185734 |o 250.4 BAL 1924 1924 |p 5185734 |r 2024-01-18 |w 2019-11-23 |y BK |z Catalogado en:20150728 |k ICR | ||